Wojsko i kultura w dziejach Polski i Europy
| Titel: | Wojsko i kultura w dziejach Polski i Europy : ksie̜ga jubileuszowa profesora Piotra Matusaka w 65 rocznice̜ urodzin / praca zbior. pod red. Rafała Dmowskiego ... |
|---|---|
| Beteiligt: | |
| Festschrift für: | |
| Veröffentlicht: | Warszawa : Muzeum Historii Polskiego Ruchu Ludowego w Warszawie, 2006 |
| Umfang: | 724 Seiten : Diagramme |
| Format: | Buch |
| Sprache: | Polnisch |
| ISBN: | 8360093237 ; 9788360093238 ; 8360776008 ; 9788360776001 ; 8360093238 |
| Hinweise zum Inhalt: |
Inhaltsverzeichnis
|
alg: 19505268 001A $03004:18-02-08 001B $01999:02-12-24 $t16:55:57.000 001D $03004:05-03-08 001U $0utf8 001X $00 002@ $0Aau 002C $aText $btxt $2rdacontent 002D $aohne Hilfsmittel zu benutzen $bn $2rdamedia 002E $aBand $bnc $2rdacarrier 003@ $0195052684 003O $0234357394 $aOCoLC 004A $083-60093-23-7 $A978-83-60093-23-8 004A $083-60776-00-8 $A978-83-60776-00-1 004D $083-60093-23-8 007A $0195052684 $aHEB 007G $0DE02006F17A95816B79BDC1257A020042FD06 007T $0Herdk86004 009P $qapplication/pdf $A2 $3Inhaltsverzeichnis $uhttp://scans.hebis.de/HEBCGI/show.pl?19505268_toc.pdf $mV:DE-603;B:DE-Mb50 010@ $apol 011@ $a2006 013D $RVeröffentlichung $#Gedächtnisschrift Festschrift $#Gedenkschrift $#Festschriften $74016928-5 $8Festschrift [Ts1] $9085039632 021A $aWojsko i kultura w dziejach Polski i Europy $dksie̜ga jubileuszowa profesora Piotra Matusaka w 65 rocznice̜ urodzin $hpraca zbior. pod red. Rafała Dmowskiego ... 028C $BHerausgeber $4edt $7 $8Dmowski, Rafał [Tnd] $9224682555 028C $BGefeierter $4hnr $7134030397 $8Matusak, Piotr$Z1941-2020 [Tp1] $919542493X 033A $pWarszawa $nMuzeum Historii Polskiego Ruchu Ludowego w Warszawie 034D $a724 Seiten 034M $aDiagramme 037A $aBibliografie P. Matusak S. 20 - 42 045F $a355.009438 $eDDC23BSB 045F/01 $a355.009 045F/03 $g438 lok: 19505268 24 101B $014-04-08 $t13:42:25.000 101C $014-04-08 101U $0utf8 145Z/01 $a32 14 A 145Z/02 $a32 14 B 145Z/03 $a2 M 1933 exp: 19505268 24 1 #EPN 201B/01 $016-05-12 $t16:31:25.000 201C/01 $018-02-08 201U/01 $0utf8 203@/01 $0524920400 208@/01 $a14-04-08 $bz 209A/01 $a08.0896 $du $f050 $h08 0896 $x00 209C/01 $a08.0896 K $h08 0896 K 209G/01 $a72089154 $x00 220C/01 $agro 244Z/01 $7134030397 $8--Tp1--Matusak, Piotr$Z1941-2020 $x01 $919542493X 247C/01 $8358050-7Marburg, Bibliothek des Herder-Instituts Marburg $9102600961 lok: 19505268 78 exp: 19505268 78 1 #EPN 201B/01 $019-04-17 $t15:28:17.000 201U/01 $0utf8 203@/01 $0792280350 208@/01 $a12-11-16 $be 209A/01 $a/ $f000 $x00 220C/01 $aTitelaufnehmer: pbb 220C/01 $aHerkunft: PBB/IH PAN 237A/01 $aweiterführende Signatur(en): Herder-Institut: 08.0896 244Z/01 $2Trx $#Poola $#Lenkija $#Polija $#Polen Land $#Poland $#Lengyelország $#Poľsko $#Polsko $8--Trx--Polska$gkraj $x01 $9391345966 244Z/01 $2Trx $#dzieło zbiorowe $8--Trx--Sammelwerk $x02 $9391384597 245Z/01 $a01.03 $x01 247C/01 $82080>Marburg/Lahn, Herder-Institut, Forschungsbibliothek, Bibliographieportal $9336309341
| LEADER | 00000cam a2200000 c 4500 | ||
|---|---|---|---|
| 001 | 195052684 | ||
| 003 | DE-603 | ||
| 005 | 20241202165557.0 | ||
| 007 | tu | ||
| 008 | 080218s2006 xx |||| | u01||u|pol c | ||
| 020 | |a 8360093237 | ||
| 020 | |a 9788360093238 | ||
| 020 | |a 8360776008 | ||
| 020 | |a 9788360776001 | ||
| 020 | |z 8360093238 | ||
| 035 | |a (DE-599)HEB195052684 | ||
| 035 | |a (OCoLC)234357394 | ||
| 040 | |a DE-603 |b ger |c DE-603 |d DE-603 | ||
| 041 | |a pol | ||
| 082 | 0 | 4 | |8 1\u |a 355.009438 |q DE-101 |2 23/BSB |
| 085 | |8 1\u |b 355.009 | ||
| 085 | |8 1\u |z 2 |s 438 | ||
| 245 | 0 | 0 | |a Wojsko i kultura w dziejach Polski i Europy |b ksie̜ga jubileuszowa profesora Piotra Matusaka w 65 rocznice̜ urodzin |c praca zbior. pod red. Rafała Dmowskiego ... |
| 264 | 1 | |a Warszawa |b Muzeum Historii Polskiego Ruchu Ludowego w Warszawie |c 2006 | |
| 300 | |a 724 Seiten |b Diagramme | ||
| 336 | |a Text |b txt |2 rdacontent | ||
| 337 | |a ohne Hilfsmittel zu benutzen |b n |2 rdamedia | ||
| 338 | |a Band |b nc |2 rdacarrier | ||
| 500 | |a Bibliografie P. Matusak S. 20 - 42 | ||
| 655 | 7 | |a Festschrift |2 gnd-content |0 (DE-588)4016928-5 |0 (DE-603)085039632 | |
| 700 | 1 | |a Dmowski, Rafał |e Herausgeber |4 edt |0 (DE-603)224682555 | |
| 700 | 1 | |a Matusak, Piotr |d 1941-2020 |e Gefeierter |4 hnr |0 (DE-603)19542493X |0 (DE-588)134030397 |2 gnd | |
| 856 | 4 | 2 | |m V:DE-603;B:DE-Mb50 |q application/pdf |u http://scans.hebis.de/HEBCGI/show.pl?19505268_toc.pdf |3 Inhaltsverzeichnis |
| 924 | 0 | |9 Mb 50 |a (DE-603)524920400 |b DE-Mb50 |c HES |d c |g 08.0896 | |
| 924 | 0 | |9 2080 |a (DE-603)792280350 |b DE-2080 |c HES |d d |g / | |


